LEADER 01173cam0-2200361---450- 001 990005518170403321 005 20131210100409.0 010 $a2-85305-076-9 035 $a000551817 035 $aFED01000551817 035 $a(Aleph)000551817FED01 035 $a000551817 100 $a19990604d1981----km-y0itay50------ba 101 0 $afre 102 $aFR 105 $aa---e---001yy 200 1 $aDictionnaire de composition poétique française classique$fClaude Cotti$gillustrations de l'auteur, de Marcel Meeus de Fabrice Meeus et de Marguerite Du Bord 205 $a3. ed. revue et complétée 210 $aParis$cSociété academique des arts liberaux de Paris$d1981 215 $a78 p.$cill.$d19 cm 610 0 $aLingua francese$aMetrica 676 $a841.009 700 1$aCotti,$bClaude$f<1930- >$0193460 702 1$aDu Bord,$bMarguerite 702 1$aMeeus,$bFabrice 702 1$aMeeus,$bMarcel 801 0$aIT$bUNINA$gRICA$2UNIMARC 901 $aBK 912 $a990005518170403321 952 $a841.009 COT 3$bBibl.53434$fFLFBC 959 $aFLFBC 996 $aDictionnaire de composition poetique francaise classique$9151631 997 $aUNINA LEADER 00973nam0-22003251i-450 001 990008125770403321 005 20230928103629.0 010 $a3406047904 035 $a000812577 035 $aFED01000812577 035 $a(Aleph)000812577FED01 100 $a20050608d1974----km-y0itay50------ba 101 0 $ager 102 $aDE 105 $ay---n---000yy 200 1 $aDignitatis contentio$eStudien zur Motivation und politischen Taktik im Bürgerkrieg zwischen Caesar und Pompeius$fKurt Raaflaub 210 $aMunchen$cBeck$d1974 215 $aXVI, 358 p.$d24 cm 225 1 $aVestigia 676 $a937.05$v23$zita 700 1$aRaaflaub,$bKurt A.$0154102 801 0$aIT$bUNINA$gRICA$2UNIMARC 901 $aBK 912 $a990008125770403321 952 $aFONDO PROFESSOR ANTONIO GUARINO XXI A 84$bG/1174$fFGBC 952 $aDDR-XX Cb 105$b2580 ddr$fDDR$m21-6769 959 $aFGBC 959 $aDDR 996 $aDignitatis contentio$9306252 997 $aUNINA